David Bowie's Berlin Trilogy - Sudden Death - Statistics

General Stats
  • This quiz has been taken 22 times
  • The average score is 10 of 16
Answers on the Grid
Answers color-coded by a green-red scale on the quiz's grid according to % correct below.
Star
Station to Station
"Heroes"
Warszawa
Starman
Fashion
Let's Dance
Always Crashing in the Same Car
Boys Keep Swinging
Stay
Moss Garden
Golden Years
Life on Mars?
Beauty and the Beast
V-2 Schneider
Fantastic Voyage
The Width of a Circle
I'm Afraid of Americans
Red Sails
Yassassin
Glass Spider
Changes
Look Back in Anger
Suffragette City
Sense of Doubt
Blackout
Sound and Vision
The Stars (Are Out Tonight)
Unwashed and Somewhat Slightly Dazed
Breaking Glass
Never Get Old
Subterraneans
 
Answer Stats
Answer % Correct
"Heroes"
83%
Breaking Glass
78%
Always Crashing in the Same Car
72%
Beauty and the Beast
72%
Warszawa
72%
Moss Garden
67%
Sense of Doubt
67%
Sound and Vision
67%
Subterraneans
67%
V-2 Schneider
67%
Boys Keep Swinging
61%
Blackout
56%
Look Back in Anger
56%
Yassassin
56%
Fantastic Voyage
50%
Red Sails
50%
No matching quizzes found
Score Distribution
Percent of People with Each Score
Percentile by Number Answered
Your Score History
You have not taken this quiz